| 000 | 00364nam a2200145Ia 4500 | ||
|---|---|---|---|
| 008 | 230917s9999||||xx |||||||||||||| ||und|| | ||
| 040 |
_e75094 _aMAIN |
||
| 041 | _aEnglish | ||
| 082 | _a658.787 H117A | ||
| 100 | _aHadley, G | ||
| 245 | 0 | _aAnalysis of inventory systems | |
| 260 |
_aEnglewood Cliffs _bPrentice Hall _c1963 |
||
| 300 | _axi, 452 p. | ||
| 942 | _cBK | ||
| 999 |
_c198437 _d198437 |
||